Nežádoucí účinky extern obsahujících ketoprofen

Bibliographic Details
Main Author: Dastychová, Eliška, 1947- (Author)
Format: Article
Language:Slovak
Czech
PhysicalDescription:Obr., tab.
ISSN:0009-0514
Subjects:

MARC

LEADER 00000nab a2200000 a 4500
001 vtls000796885
003 SK-MaSNL
005 20260304123330.0
008 250429c2000 xo 0 slo
015 |a SNBRB2002/06-19381 
035 |a CLN000148540 
035 |a urn:nbn:sk:snk-abagjl 
035 |a (urnnbn)urn:nbn:sk:snk:ar-007owo 
035 |a (uuid)0c244d2e-8a24-4934-b3f0-1cfc0558b30e 
040 |a SNKBUCL  |b slo  |c SNKBUCL  |e AACR2 
041 0 |a cze 
044 |a xo  |c SK 
080 |a 616.521  |2 1997 
080 |a 615.454.1.06  |2 1997 
100 1 |a Dastychová, Eliška,  |d 1947-  |4 aut  |9 233493 
245 1 0 |a Nežádoucí účinky extern obsahujících ketoprofen  |c E. Dastychová 
300 |b Obr., tab. 
504 |a Res. angl., čes. 
504 |a Bibliogr. odkazy 
650 0 7 |a Fastum gel  |x ketoprofén  |x účinky nežiaduce  |2 snkbucl  |9 1431977 
650 0 7 |a ketoprofén  |x účinky nežiaduce  |2 snkbucl  |9 1431978 
650 0 7 |a Profenid gel  |x ketoprofén  |x účinky nežiaduce  |2 snkbucl  |9 1431979 
650 0 7 |a kyselina arylpropionová  |x účinky nežiaduce  |2 snkbucl  |9 1431980 
650 0 7 |a ekzém  |x etiológia  |2 snkbucl  |9 1431981 
655 7 |a články z novín a časopisov  |2 snkbucl  |9 267496 
773 0 |t Česko-slovenská dermatologie  |g Roč. 75, č. 2 (2000), s. 51-55  |x 0009-0514 
850 |a Slovenská národná knižnica 
852 |a Slovenská národná knižnica 
954 |a odborná, vedecká literatúra cudzojazyčná (svetová)  |2 lita 
958 |a article14 
958 |a OND 
958 |a MI 
958 |a NB 
958 |a EUIPO 
999 |c 2889377  |d 2891307